Quiz de Múltipla Escolha de Cidades - Lisboa - Statistics

Estatísticas Gerais
  • Esse quiz foi jogado 16 vezes
  • A pontuação média é 9 de 10
Estatísticas das Respostas
Questão Resposta % Correto
Que cidade no Brasil tem o nome de um distrito de Lisboa? Belém
100%
Qual é o time de futebol mais bem-sucedido de Lisboa? Benfica
100%
Que gênero musical vem de Lisboa? Fado
100%
Como se escreve Lisboa em inglês? Lisbon
100%
Em que rio fica Lisboa? Tejo
100%
O que destruiu quase completamente a cidade em 1755? Um terremoto e tsunami
85%
De que cor são os bondes característicos de Lisboa? Amarelo
77%
Por qual destes pratos Lisboa é famosa? Torta de creme de ovos
77%
Que explorador está enterrado no Mosteiro dos Jerônimos? Vasco da Gama
77%
Quem, segundo a lenda, fundou Lisboa no extremo ocidental do mundo? Ulisses
62%
Nenhum quiz correspondente encontrado
Distribuição das Pontuações
Porcentagem de Pessoas com Cada Pontuação
Percentil de Números Respondidos
Sua Pontuação Histórica
Você não jogou esse quiz